| 000 | 00680 a2200205 4500 | ||
|---|---|---|---|
| 020 | _aS/N | ||
| 040 | _aULA-LD-MS | ||
| 082 |
_b043.2 658/PER/I _m3 |
||
| 100 |
_91053 _aPEREIRA, Paulino Joaquim Araújo |
||
| 245 | _aA Influência da Liderança nas Empresas, Estudo de Caso, na Escola de Saúde Castelo, Lda (ESCA). | ||
| 246 | _aDicertação para Obtenção do Título Académico de Mestre em Gestão de Recursos Humanos | ||
| 250 | _aS/N | ||
| 260 |
_aLuanda _bS/Edt. _c2024 |
||
| 300 | _a144p. | ||
| 600 | 0 | _aPEREIRA, Paulino Joaquim Araújo | |
| 650 | _aGestão de Recursos Humanos | ||
| 700 | _aPaulino Joaquim Araújo Pereira | ||
| 942 | _cTFC | ||
| 999 |
_c2228 _d2228 |
||